| 000 | 00462nam a2200145 4500 | ||
|---|---|---|---|
| 008 | 0 1986 0in 000 0MEX | ||
| 020 | _a968-26-0628-4 | ||
| 050 | _aTP149 S58 1986 | ||
| 082 | _a660.299.4 S824i | ||
| 100 | _aSmith, J. M. | ||
| 245 | _aIngeniería de la cinetica química / J. M. Smith | ||
| 260 | _aMéxico : Continental | ||
| 300 | _a774 p. / 23 cm. | ||
| 650 | _a1.TERMODINAMICA \ 2.INGENIERIA QUIMICA \ 3.REACCION QUIMICA, VELOCIDAD DE | ||
| 999 |
_c13016 _d13016 |
||